Indian Economic Association (Record no. 28166)

MARC details
000 -LEADER
fixed length control field 00467nam a2200181Ia 4500
008 - FIXED-LENGTH DATA ELEMENTS--GENERAL INFORMATION
fixed length control field 220531s9999 xx 000 0 und d
041 ## - LANGUAGE CODE
Language code of text/sound track or separate title eng
082 ## - DEWEY DECIMAL CLASSIFICATION NUMBER
Classification number 330.954
Item number THA
100 ## - MAIN ENTRY--PERSONAL NAME
Personal name Thakur,a. K.
9 (RLIN) 48079
245 ## - TITLE STATEMENT
Title Indian Economic Association
250 ## - EDITION STATEMENT
Edition statement 87th
260 ## - PUBLICATION, DISTRIBUTION, ETC. (IMPRINT)
Place of publication, distribution, etc. Varansi
Name of publisher, distributor, etc. Annual Conference of the Indian Association
Date of publication, distribution, etc. 2004
300 ## - PHYSICAL DESCRIPTION
Extent 970
542 ## - INFORMATION RELATING TO COPYRIGHT STATUS
Copyright holder 31-03-2005
650 ## - SUBJECT ADDED ENTRY--TOPICAL TERM
Topical term or geographic name as entry element Economics
9 (RLIN) 48080
906 ## - LOCAL DATA ELEMENT F, LDF (RLIN)
d 2004-2005
Holdings
Withdrawn status Lost status Source of classification or shelving scheme Damaged status Not for loan Collection code Home library Current library Date acquired Total Checkouts Total Holds Full call number Barcode Date last seen Bill Date Koha item type Original Barcode
    Dewey Decimal Classification       Shri Siddhivinayak Mahila Mahavidyalaya Shri Siddhivinayak Mahila Mahavidyalaya 31/03/2005   1 330.954/THA/B/9153 SSMM-BK-9153 06/08/2022 06/08/2022 Books 010009153